Xây dựng mô hình sản xuất nông nghiệp hữu cơ giúp cải thiện môi trường và kinh tế nông hộ ở ấp Lợi Dũ B - An Bình - Cần Thơ : Luận văn tốt nghiệp Đại học: Ngành Môi trường và Quản lý TNTN
Xây dựng mô hình sản xuất nông nghiệp sạch thí điểm với việc sử dụng phế phẩm của quá trình này làm nguyên liệu sản xuất cho quá trình sau để tiết kiệm năng lượng và bảo vệ môi trường.
Bewaard in:
| Hoofdauteur: | |
|---|---|
| Formaat: | Boek |
| Taal: | Undetermined |
| Gepubliceerd in: |
Cần Thơ
Trường Đại học Cần Thơ
2004
|
| Onderwerpen: | |
| Tags: |
Voeg label toe
Geen labels, Wees de eerste die dit record labelt!
|
| Thư viện lưu trữ: | Trung tâm Học liệu Trường Đại học Cần Thơ |
|---|
| LEADER | 01288nam a2200217Ia 4500 | ||
|---|---|---|---|
| 001 | CTU_143568 | ||
| 008 | 210402s9999 xx 000 0 und d | ||
| 082 | |a 338.16 | ||
| 082 | |b Th455 | ||
| 100 | |a Hồ, Huy Thông | ||
| 245 | 0 | |a Xây dựng mô hình sản xuất nông nghiệp hữu cơ giúp cải thiện môi trường và kinh tế nông hộ ở ấp Lợi Dũ B - An Bình - Cần Thơ : | |
| 245 | 0 | |b Luận văn tốt nghiệp Đại học: Ngành Môi trường và Quản lý TNTN | |
| 245 | 0 | |c Hồ Huy Thông; Nguyễn Hữu Chiếm, Lê Văn Dũ (Giáo viên hướng dẫn) | |
| 260 | |a Cần Thơ | ||
| 260 | |b Trường Đại học Cần Thơ | ||
| 260 | |c 2004 | ||
| 520 | |a Xây dựng mô hình sản xuất nông nghiệp sạch thí điểm với việc sử dụng phế phẩm của quá trình này làm nguyên liệu sản xuất cho quá trình sau để tiết kiệm năng lượng và bảo vệ môi trường. | ||
| 650 | |a Agriculture and states,Agriculture,Nông nghiệp và chính quyền | ||
| 650 | |x Economic aspects | ||
| 904 | |i Năm | ||
| 980 | |a Trung tâm Học liệu Trường Đại học Cần Thơ | ||